Grammatical construccion de los hymnos ecclesiasticos, dividida en siete libros, por el orden del Breviaro Romano; explicacion, y medida de sus versos. Dedicada á lo siete agudissimos, mayores dolores que en la Passion de Jesus padeciò la santissima Virgen Maria. Corregida, y emmendada por D. Manuel Joseph de la Rivas, preceptor de latinidad en esta ciudad de Mexico

Detalles Bibliográficos
Autor principal: Ribas, Manuel José de la, O. F. M.
Formato: Libro
Lenguaje:Spanish
Publicado: reimpressa en Mexico : en la imprenta de D. Francisco Xavier Sanchez, en el Puente de Palacio, 1741.
Materias:
Colección:Banco de datos
Acervo:Seminario Conciliar de Nuestra Señora de Guadalupe Querétaro. Qro.. Biblioteca Florencio Rosas. Fondo Reservado
Descripción Física:[8] h., 168 p. + [1] h. de grab. : il. ; 8°
Tema general:Liturgia
Notas:Portada tipográfica con orla y pleca en grabado xilográfico. Texto a renglón seguido con paginación en números arábigos, cornisas, apostillas marginales, signaturas y reclamos. Incluye ilustración a hoja plegada en grabado xilográfico. Incluye ilustración en grabado xilográfico. Incluye cabeceras de título con motivos arabescos y viñeta final con motivos florales en grabado xilográfico. Encuadernación en pergamino con cantos en coral. Daños de humedad y en la encuadernación, cubierta semidesprendida. Testigo entre las p. 20-21: muestra de perfume Joil Soir Cheramy Paris France
LEADER 01554nam a22001690004500
035 |a 583 
041 0 |a spa 
100 1 |a Ribas, Manuel José de la, O. F. M.  
245 1 0 |a Grammatical construccion de los hymnos ecclesiasticos, dividida en siete libros, por el orden del Breviaro Romano; explicacion, y medida de sus versos. Dedicada á lo siete agudissimos, mayores dolores que en la Passion de Jesus padeciò la santissima Virgen Maria. Corregida, y emmendada por D. Manuel Joseph de la Rivas, preceptor de latinidad en esta ciudad de Mexico  
260 |a reimpressa en Mexico : en la imprenta de D. Francisco Xavier Sanchez, en el Puente de Palacio, 1741.  
300 |a [8] h., 168 p. + [1] h. de grab. : il. ; 8° 
500 |a Portada tipográfica con orla y pleca en grabado xilográfico. Texto a renglón seguido con paginación en números arábigos, cornisas, apostillas marginales, signaturas y reclamos. Incluye ilustración a hoja plegada en grabado xilográfico. Incluye ilustración en grabado xilográfico. Incluye cabeceras de título con motivos arabescos y viñeta final con motivos florales en grabado xilográfico. Encuadernación en pergamino con cantos en coral. Daños de humedad y en la encuadernación, cubierta semidesprendida. Testigo entre las p. 20-21: muestra de perfume Joil Soir Cheramy Paris France 
650 1 0 |a Liturgia  
949 |a Fondo Reservado: 690 
942 |c QUER-RES 
943 |g Seminario Conciliar de Nuestra Señora de Guadalupe Querétaro. Qro.. Biblioteca Florencio Rosas. Fondo Reservado 
999 |c 1108247  |d 1108247